000 00591nam a2200205 u 4500
005 20220603063644.0
008 080409s2000 r 000 0 eng d
020 _a9685389268
035 _aUPN01000155337
049 _aI
050 4 _aPZ78
_bM2.3
100 1 _aMartínez, Ericka
245 1 1 _a¡Amame mamá! /
_cEricka Martínez, Margarita Sada.
260 _aMéxico :
_bEl Naranjo,
_c[2000]
300 _a22 p. :
_btodas il. col.
440 3 _aAl derecho y al revés
650 4 _aCuentos infantiles
_96744
700 1 _aSada, Margarita,
_d1966-
_ecoaut.
_934603
905 _aInfantil
999 _c127452
_d127452